{"text_format":"3","workbook":"xlsx","n_sheets":1,"sheets":["Sheet1"],"read":"whole","date_system":"1900"}

{"sheet":"Sheet1","index":0,"n_rows":19,"n_cols":7,"rows_kept":19,"merged":[[0,0,0,6],[1,0,1,6],[18,0,18,4]]}
["药学系负一楼模拟车间电路改造项目询价单"]
["单位名称（鲜章）："]
["序号","项目名称","数量","单位","单价（元）","金额（元）","备    注"]
[1,"国标YJV4*25+1*16mm阻燃电缆",100,"m",80,{"$f":"C4*E4","v":8000}]
[2,"正泰NEX5-6明装空开盒",5,"个",75,{"$f":"C5*E5","v":375}]
[3,"空气开关正泰 4P 32A",4,"个",70,{"$f":"C6*E6","v":280}]
[4,"空气开关正泰 4P 20A",6,"个",65,390]
[5,"空气开关正泰 3P 20A",8,"个",50,400]
[6,"BVR 电缆正泰 阻燃4mm²",6,"卷",600,3600]
[7,"BVR 电缆正泰 阻燃2.5mm²  双色",2,"卷",450,900]
[8,"PVC线管 φ32  B型",10,"米",5,50]
[9,"PVC线管 φ20  B型",203,"米",3,609]
[10,"PVC波纹管 φ32  白色",2,"米",4,8]
[11,"PVC波纹管 φ20  白色",30,"米",3,90]
[12,"墙面开孔",1,"个",80,80,"人工开孔"]
[13,"人工费",12,"工时",280,3360,"安装人工费"]
[14,"铜鼻子、绝缘胶布、扎带及其它辅材",100,"m",4.2,420,"各种辅材"]
[15,"材料运输和建渣清理费用",1,"项"]
["合   计"]